LIBRARY ONLINE CATALOGUE

Encyclopaedia of religion and ethics / (Record no. 15130)

MARC details
000 -LEADER
fixed length control field 00778cam a22002412 4500
001 - CONTROL NUMBER
control field 0000013212
005 - DATE AND TIME OF LATEST TRANSACTION
control field 20151217161144.0
008 - FIXED-LENGTH DATA ELEMENTS--GENERAL INFORMATION
fixed length control field 090625s xx 000 0 eng d
020 ## - INTERNATIONAL STANDARD BOOK NUMBER
International Standard Book Number 0567065138 :
040 ## - CATALOGING SOURCE
Original cataloging agency KABU
Transcribing agency KABU
245 10 - TITLE STATEMENT
Title Encyclopaedia of religion and ethics /
Statement of responsibility, etc. edited by James Hastings.
250 ## - EDITION STATEMENT
Edition statement Corrected ed.
260 ## - PUBLICATION, DISTRIBUTION, ETC. (IMPRINT)
Place of publication, distribution, etc. London :
Name of publisher, distributor, etc. T & T Clark,
Date of publication, distribution, etc. 1926-1976.
300 ## - PHYSICAL DESCRIPTION
Extent v.
500 ## - GENERAL NOTE
General note Library has index volume (ix, 757 p. )
650 #0 - SUBJECT ADDED ENTRY--TOPICAL TERM
Topical term or geographic name as entry element Religions
Form subdivision Dictionaries.
-- 0000148245
650 #0 - SUBJECT ADDED ENTRY--TOPICAL TERM
Topical term or geographic name as entry element Ethics
General subdivision Dictionaries.
-- 0000170364
650 #0 - SUBJECT ADDED ENTRY--TOPICAL TERM
Topical term or geographic name as entry element Theology
Form subdivision Dictionaries.
-- 0000148793
700 1# - ADDED ENTRY--PERSONAL NAME
Personal name Hastings, James.
-- 0000170365
852 1# - LOCATION
-- p14984.00 KES
908 ## - PUT COMMAND PARAMETER (RLIN)
Put command parameter 090625
950 ## - LOCAL HOLDINGS (RLIN)
-- 1
Holdings
Withdrawn status Lost status Source of classification or shelving scheme Not for loan Home library Current library Date acquired Total Checkouts Full call number Barcode Date last seen Price effective from Koha item type
    Library of Congress Classification Not For Loan Kabarak, Main Campus Kabarak, Main Campus 17/12/2015   BL31 .E53 1926-1976 c. 1 16229 17/12/2015 17/12/2015 Reference